000 00865nas a2200265 4500
001 BR9701496
003 BR-BrBNA
005 20231205100044.0
007 ta
008 230509b bl.|||p| |||| 00| 00por d
040 _aBR-BrBNA
_bpor
_cBiblioteca Nacional de Agricultura
041 _a(Pt)
072 _aF03; J10
100 1 _aSantarem, E.R.
100 1 _aAquila, M.E.A.
245 1 _aInfluencia de metodos de superacao de dormencia e do armazenamento na germinacao de sementes de Senna Macranthera (Colladon)Irwin Barneby (Leguminosae)
650 _aSemente
650 _aEscarificacao
650 _aArmazenamento
650 _aGerminacao
650 _aLeguminosae
773 0 _tRevista Brasileira de Sementes (Brazil)
_xISSN 0101-3122
_g(1995), v. 17(2) p. 205-209
_wBR9701496
909 _a202311
_bLúcia
_c55
_dLúcia Elande
942 _2AGRIS
_n0
_cANA
999 _c154145
_d154145